Word Ladder: Four Opposites Quiz Stats

 Plays Quiz Updated Jun 30, 2017

Support Sporcle.
Go Orange.
Score 0/30 Timer 05:00
0 Plays Today
% Correct
MILE
96.8%
FOOT
95.1%
BIKE
93.3%
FOOL
93.1%
TIME
92.6%
MIME
92.5%
FART
92.4%
■ COOL ■
92.2%
FORT
92%
BAND
90.7%
LIKE
90.3%
LENT
89.9%
LEFT
89.6%
BAKE
89.3%
BEND
88.4%
% Correct
LOFT
87.9%
LEND
87.8%
■ SOFT ■
86.6%
■ HARD ■
85.3%
BANE
83.9%
■ DEAD ■
83.9%
LAND
82.7%
HAND
81.2%
FARM
80.4%
BEAD
80.2%
■ WARM ■
80%
■ TAME ■
79.2%
■ LIVE ■
74.6%
■ WILD ■
69.9%
WILE
69.7%

Today's Daily Dose

You're not logged in!

Compare scores with friends on all Sporcle quizzes.
OR
Log In
Forgot?

From the Vault

What's My Name!?

by jdfulp

What's in a name? That which we call a rose. By any other name would smell as sweet.
Remove Ads.
Support Sporcle.
Get the best of Sporcle when you Go Orange. This ad-free experience offers more features, more stats, and more fun while also helping to support Sporcle. Thank you for becoming a member.

Show Comments

Extras

Top Quizzes Today


Score Distribution

Your Account Isn't Verified!

In order to create a playlist on Sporcle, you need to verify the email address you used during registration. Go to your Sporcle Settings to finish the process.

Report this User

Report this user for behavior that violates our Community Guidelines.

Details: